00644nam a2200181 4500001000700000003000900007005001700016007000300033008004100036100002300077245007700100260005900177300003000236700002300266852003200289999001900321952012200340143990ES-MaACL20230906200924.0t|070214s1945 xxu r ||||1| eng d1 aShaw, Lau.910603310aRickshaw boy / cby Lau Shaw ; translated from the chinese by Evan King. aNew York : bReynal and Hitchcock, c1945 (fH. Wolff) a383 p. : bil. ; c21 cm.1 aKing, Evan.968055 aES-MaACLjC-25148 bR.53999 c143990d143990 00104070aATENEOMbATENEOMcDEPO2d2008-01-17eSCl0oC-25148p1149811r2023-02-23 00:00:00w2023-02-23yMONOGRAFIA